000 00589nam a2200181 i 4500
001 141452
003 ES-MaACL
005 20230906200309.0
007 t|
008 070924s1940 cu ||||1| spa d
100 1 _aVillaverde, Manuel.
_9115180
245 1 3 _aLa endocrinología en Cuba en el año 1939 /
_cManuel Villaverde.
260 _aLa Habana :
_b[s.n.],
_c1940.
300 _a9 p. ;
_c25 cm.
500 _aPublicado en la Revista "Crónica-médica quirúrgica de La Habana", Nº 4. pp. 154-169.
650 4 _aEndocrinología.
_9144424
852 _aES-MaACL
_j1846-F-5
_bR.20335
999 _c141452
_d141452